000 00530nam a2200193Ia 4500
003 GCL
008 140319s9999 xx 000 0 ara d
040 _aGCL /
_cGCL
082 0 4 _aق
_b962.3
_bم م
100 1 _aمحافظة اسوان
245 1 0 _aمحافظة اسوان /
_cمحافظة اسوان
490 _a
650 0 4 _aالتنمية الاجتماعية
650 0 4 _aالتنمية الاقتصادية
650 0 4 _aاسوان
650 0 4 _aادفو
650 0 4 _aمحافظة اسوان
942 _2ddc
_cBK
999 _c38293
_d38293